000 00536nam a22001817a 4500
999 _c259806
_d259805
003 OSt
005 20230317153458.0
008 230317b xxu||||| |||| 00| 0 eng d
010 _a2004021997
020 _a0321106423
040 _aDLC
_cDLC
_dDLC
050 _aD1060
_b .P517 2005
100 _aPiper, J. Richard,
_d1946-
245 _aThe major nation-states in the European Union /
_c J. Richard Piper.
260 _a New York :
_b Pearson/Longman,
_c c2005.
300 _axx, 412 p. :
_b |b ill. ;
_c 24 cm.
942 _2lcc
_cBK